000 00611nam a22002177a 4500
005 20170127163656.0
008 170127b xxu||||| |||| 00| 0 eng d
020 _a9789380833019
_c750
040 _aLoreto College
041 _aEnglish
082 _a371.33
_bSHA
100 _aSharma,Anita
245 _aEducational technology
_cAnita Sharma
260 _aNew Delhi
_bGlobal Publications
_c2014
300 _a276p
_b22cm
504 _aIncludes index
650 _aMethods of instruction and study
650 _aEducational technology-Teaching aids, equipment material
850 _aLCBED
942 _cBK
999 _c40866
_d91345